000 00583nam a2200205Ia 4500
005 20250326144247.0
008 250326s9999 xx 000 0 und d
020 _a978-8-184-50088-2
037 _aTextbook
040 _aFMSL
_beng
_cFMSL
041 _aeng
_2eng
084 _aX9(Y) P8
_qFMSL
100 _aDatt Ruddar
245 0 _aGrowth, poverty and equity:story of India economics development
_cDatt Ruddar
260 _aNew Delhi
_bNew Delhi, Deep &deep
_c2008
300 _axxiii,368
365 _b980
942 _cTB
_hX9(Y) P8
999 _c1303035
_d1303035